000 00568nam a2200193Ia 4500
005 20250326144514.0
008 250326s9999 xx 000 0 und d
037 _aTextbook
040 _aFMSL
_beng
_cFMSL
041 _aeng
_2eng
084 _aX:8D P8
_qFMSL
100 _aSaunders A
_9735164
245 0 _aFicial institutions management : risk management approach
_cSaunders A; Cornett M M
250 _a6
260 _aNew Delhi
_bNew Delhi, McGraw Hill
_c2008
365 _b1564.2719999999999
942 _cTB
_hX:8D P8
999 _c1303962
_d1303962